000 00744nam a2200289Ia 4500
005 20260324132658.0
008 008 260324s9999 xx 000 0 eng d
020 _a9781410609946
037 _aEBOOK
040 _aCRL
040 _beng
040 _cCRL
041 _2eng
041 _aeng
084 _qCRL
100 _aWilliam A. Firestone; Lora F. Monfils; Roberta Y. Schorr
_91190205
245 4 _aThe Ambiguity of Teaching to the Test
245 0 _bStandards, Assessment, and Educational Reform
260 _bTaylor and Francis
260 _c2004
365 _a
365 _b190
856 _uhttp://www.taylorfrancis.com/books/9781410609946
942 _cEBOOK
999 _c1788518
_d1788518